000 00234nam a2200097Ia 4500
001 904648
005 20250826184936.0
008 250824s9999 xx 000 0 und d
245 0 _aSEN ONA AŞIKSIN
_cYUNUS ORAN
260 _bHAYY YAYINLARI
999 _c904648
_d904648